Juan Pérez (Record no. 173898)

MARC details
000 -LEADER
campo de control de longitud fija 00732nam a2200169 i 4500
001 - NÚMERO DE CONTROL
campo de control 173898
003 - IDENTIFICADOR DE NÚMERO DE CONTROL
campo de control ES-MaACL
005 - FECHA Y HORA DE LA ÚLTIMA TRANSACCIÓN
campo de control 20230906215403.0
008 - DATOS DE LONGITUD FIJA--INFORMACIÓN GENERAL
campo de control de longitud fija 100128s1862 sp |||| | spa d
100 1# - ENTRADA PRINCIPAL--NOMBRE DE PERSONA
Nombre de persona Barcia, Roque.
9 (RLIN) 25542
245 10 - MENCIÓN DEL TÍTULO
Título Juan Pérez
Resto del título : comedia original en tres actos y en verso /
Mención de responsabilidad, etc. por Roque Barcia.
260 ## - PUBLICACIÓN, DISTRIBUCIÓN, ETC.
Lugar de publicación, distribución, etc. Madrid :
Nombre del editor, distribuidor, etc. [s.n.],
Fecha de publicación, distribución, etc. 1862 (
Fabricante Imp. de José Rodríguez)
300 ## - DESCRIPCIÓN FÍSICA
Extensión 77 p. ;
Dimensiones 17 cm.
530 ## - NOTA DISPONIBLE DE FORMULARIO FÍSICO ADICIONAL
Nota de formato físico adicional disponible Disponible en formato digital.
852 ## - LOCALIZACIÓN
Ubicación ES-MaACL
Número de control de estantería F-8627(7)
Nota libre - Enc. pasta española
condición física - Falto de cub. original
Nota libre - Enc. en un vol. facticio formando parte de la col. facticia "Teatro español moderno", v. 82
856 ## - LOCALIZACIÓN Y ACCESO ELECTRÓNICOS
Identificador Uniforme de Recursos <a href="https://archive.org/details/juanprezcomedi00barc ">https://archive.org/details/juanprezcomedi00barc </a>
Nota pública Internet Archive
Holdings
Estatus retirado Estado de pérdida Estado de daño No para préstamo Colección Biblioteca de origen Biblioteca actual Ubicación en estantería Fecha de adquisición Fuente de adquisición Total de préstamos Signatura topográfica completa Código de barras Visto por última vez Precio de reemplazo Tipo de ítem Koha
        Colección digital Biblioteca del Ateneo de Madrid Biblioteca del Ateneo de Madrid Sala Pecera Planta 2 28/01/2010     F-8627(7) 1182537 23/02/2023 23/02/2023 Libro impreso antiguo